[Event "Amager Foraarsturnering 2007"]
[Site "Sundbyoster"]
[Date "2007.05.08"]
[Round "1"]
[White "Herup, Charni"]
[Black "Jacobsen, Mads Holger Bang"]
[Result "0-1"]
[WhiteElo "1225"]
[BlackElo "1250"]
[PlyCount "80"]
[EventDate "2007.??.??"]

1. d4 Nf6 2. f3 g6 3. e4 d6 4. Nc3 Bg7 5. Be3 O-O 6. Qd2 Nc6 7. O-O-O e5 8.
dxe5 dxe5 9. Qxd8 Rxd8 10. Rxd8+ Nxd8 11. Bc4 Be6 12. Bd3 c6 13. g4 h6 14. h4
Nd7 15. f4 exf4 16. Bxf4 Bxg4 17. Bd2 Ne5 18. Be2 Bxe2 19. Ngxe2 Ne6 20. a3 Nc4
21. Be1 Rd8 22. Rh3 Nd4 23. Nxd4 Bxd4 24. Rd3 Be3+ 25. Kb1 Rxd3 26. cxd3 Ne5
27. Kc2 Bf4 28. Ne2 Be3 29. Bg3 Ng4 30. b4 Bf2 31. Bf4 Bxh4 32. d4 g5 33. Bg3
Bxg3 34. Nxg3 Nf6 35. Kd3 Kg7 36. e5 Nd5 37. Ke4 Kg6 38. Kd3 h5 39. Ke4 h4 40.
Nf1 g4 0-1

[Event "Amager Foraarsturnering 2007"]
[Site "Sundbyoster"]
[Date "2007.05.08"]
[Round "1"]
[White "Kokholm, Henrik"]
[Black "Nielsen, Bjorn"]
[Result "0-1"]
[WhiteElo "1000"]
[BlackElo "1135"]
[PlyCount "56"]
[EventDate "2007.??.??"]

1. d4 d5 2. Nf3 Nf6 3. e3 Nc6 4. Bd3 g6 5. O-O Bg7 6. Nbd2 O-O 7. Re1 Ne8 8. c3
e5 9. Qc2 e4 10. Bb5 exf3 11. Bxc6 bxc6 12. Nxf3 Bf5 13. Qe2 Be4 14. Nd2 Bf5
15. Nb3 Qd6 16. Bd2 Nf6 17. h3 Ne4 18. a3 Nxd2 19. Nxd2 c5 20. Rac1 c4 21. b3
cxb3 22. Nxb3 Rab8 23. Nc5 Kh8 24. Na6 Rb6 25. Nb4 Rfb8 26. Red1 Bf8 27. Qf3
Be6 28. Nd3 Bg7 0-1

[Event "Amager Foraarsturnering 2007"]
[Site "Sundbyoster"]
[Date "2007.05.08"]
[Round "1"]
[White "Jorgensen, Niels Christian"]
[Black "Larsen, Ulrik Jejlskov"]
[Result "1/2-1/2"]
[WhiteElo "1423"]
[BlackElo "1508"]
[PlyCount "103"]
[EventDate "2007.??.??"]

1. e4 d5 2. exd5 Qxd5 3. Nc3 Qa5 4. b4 Qxb4 5. Rb1 Qd6 6. Nf3 Nf6 7. Nb5 Qd8 8.
Ba3 a6 9. Nbd4 Nbd7 10. Be2 c5 11. Nb3 e6 12. d4 Qc7 13. O-O b5 14. dxc5 Ne4
15. Bb2 Bb7 16. Qe1 Nexc5 17. Nxc5 Bxc5 18. Bd4 O-O 19. Bd3 Nf6 20. Qc3 Rac8
21. Bxf6 Bxf3 22. gxf3 Qf4 23. Qe5 Qxf6 24. Qxf6 gxf6 25. Be4 Rcd8 26. Rfd1 b4
27. Rd3 f5 28. Bb7 Rxd3 29. cxd3 a5 30. Ba6 Bd4 31. Rc1 Bc3 32. Bc4 h5 33. Rc2
Kg7 34. a3 Rb8 35. axb4 axb4 36. Ra2 b3 37. Ra3 b2 38. Ba2 b1=Q+ 39. Bxb1 Rxb1+
40. Kg2 Bd4 41. Ra4 e5 42. f4 f6 43. fxe5 fxe5 44. Kg3 Rb3 45. h4 Rxd3+ 46. f3
e4 47. Kf4 Rxf3+ 48. Kg5 Be3+ 49. Kxh5 Bf2 50. Kg5 Be3+ 51. Kh5 Rg3 52. Ra7+
1/2-1/2

[Event "Amager Foraarsturnering 2007"]
[Site "Sundbyoster"]
[Date "2007.05.08"]
[Round "1"]
[White "Johansen, Erik Kai"]
[Black "Svensson, John Michael"]
[Result "0-1"]
[WhiteElo "1369"]
[BlackElo "1492"]
[PlyCount "82"]
[EventDate "2007.??.??"]

1. e4 d6 2. d4 Nf6 3. Nc3 g6 4. Nf3 Bg7 5. Bd3 c6 6. O-O O-O 7. Ne2 Bg4 8. Ng3
Nh5 9. Nxh5 Bxh5 10. c3 Bg4 11. h3 Be6 12. Ng5 Nd7 13. f4 Nb6 14. b3 Bd7 15. f5
h6 16. fxg6 fxg6 17. Rxf8+ Qxf8 18. Nf3 Qf7 19. Be3 Rf8 20. Be2 Be8 21. Qd2 Kh7
22. Rf1 Qe6 23. e5 Nd5 24. Bc4 Qd7 25. Re1 Nxe3 26. Qxe3 d5 27. Bd3 e6 28. Nh4
Qe7 29. Nf3 b6 30. b4 a5 31. bxa5 bxa5 32. Rb1 Qa3 33. Qd2 Qe7 34. Ba6 Qa7 35.
Qd3 Rf7 36. Qe2 c5 37. Bd3 Rf8 38. Qb2 cxd4 39. cxd4 Kg8 40. Qa3 Bxe5 41. Qc3
Rxf3 0-1

[Event "Amager Foraarsturnering 2007"]
[Site "Sundbyoster"]
[Date "2007.05.08"]
[Round "1"]
[White "Larsen, Kim"]
[Black "Henriksen, Carsten W"]
[Result "0-1"]
[WhiteElo "1445"]
[BlackElo "1875"]
[PlyCount "84"]
[EventDate "2007.??.??"]

1. d4 d5 2. Nf3 Nf6 3. Bf4 e6 4. Bg3 Nbd7 5. e3 Be7 6. Bd3 c5 7. c3 c4 8. Bc2
O-O 9. O-O Nh5 10. Ne5 Nxg3 11. Nxd7 Bxd7 12. fxg3 f5 13. g4 Bg5 14. Re1 Qf6
15. gxf5 exf5 16. Qf3 Qe6 17. Nd2 Rae8 18. Nf1 g6 19. b4 h5 20. a4 Qd6 21. a5
f4 22. e4 dxe4 23. Qe2 f3 24. Qxc4+ Be6 25. Qb5 f2+ 26. Kh1 fxe1=Q 27. Rxe1 Qf4
28. Bxe4 a6 29. Qd3 Bf5 30. Bd5+ Kg7 31. Qd1 Rxe1 32. Qxe1 Be4 33. Bc4 Bh4 34.
Ng3 Bxg3 35. hxg3 Qf5 36. Kg1 Rc8 37. Qe2 Qg4 38. Qf1 Qxg3 39. Qe2 Rxc4 40.
Qxe4 Rxc3 41. Qxb7+ Kh6 42. Qxa6 Rc1+ 0-1

[Event "Amager Foraarsturnering 2007"]
[Site "Sundbyoster"]
[Date "2007.05.15"]
[Round "2"]
[White "Larsen, Ulrik Jejlskov"]
[Black "Jacobsen, Mads Holger Bang"]
[Result "1-0"]
[WhiteElo "1508"]
[BlackElo "1250"]
[PlyCount "63"]
[EventDate "2007.??.??"]

1. d4 Nf6 2. e3 g6 3. Bd3 Bg7 4. Nf3 d6 5. O-O b6 6. Nbd2 Bb7 7. Re1 c5 8. dxc5
bxc5 9. e4 Nc6 10. e5 dxe5 11. Nxe5 Nxe5 12. Rxe5 Nd5 13. Bb5+ Kf8 14. Re1 a6
15. Bc4 Nf4 16. Nf3 Qxd1 17. Rxd1 Bxf3 18. gxf3 Be5 19. Rd7 a5 20. Be3 Bxb2 21.
Rb1 Be5 22. Rbb7 Re8 23. Bxc5 Nh3+ 24. Kf1 Bf6 25. Bb5 Rc8 26. Bxe7+ Bxe7 27.
Rxe7 Rxc2 28. Rxf7+ Kg8 29. Rfd7 Rxf2+ 30. Ke1 Rxf3 31. Bc4+ Kf8 32. Rb8# 1-0

[Event "Amager Foraarsturnering 2007"]
[Site "Sundbyoster"]
[Date "2007.05.15"]
[Round "2"]
[White "Nielsen, Bjorn"]
[Black "Henriksen, Carsten W"]
[Result "0-1"]
[WhiteElo "1135"]
[BlackElo "1875"]
[PlyCount "62"]
[EventDate "2007.??.??"]

1. e4 c5 2. Nf3 Nc6 3. e5 Qc7 4. e6 dxe6 5. Be2 g6 6. O-O Bg7 7. c3 Nf6 8. d3
O-O 9. Be3 b6 10. Nbd2 Rd8 11. Re1 Ba6 12. Nf1 Ng4 13. Bc1 Nge5 14. Nxe5 Bxe5
15. Qc2 Rd7 16. d4 Bxe2 17. dxe5 Bd3 18. Qb3 c4 19. Qa3 Bxf1 20. Kxf1 Rad8 21.
Bf4 Rd5 22. b4 Nxe5 23. Bxe5 Rxe5 24. Qb2 Rxe1+ 25. Rxe1 Qxh2 26. g3 Rd5 27.
Ke2 Qh5+ 28. Kf1 Qh1+ 29. Ke2 Re5+ 30. Kd2 Qxe1+ 31. Kc2 Re2# 0-1

[Event "Amager Foraarsturnering 2007"]
[Site "Sundbyoster"]
[Date "2007.05.15"]
[Round "2"]
[White "Svensson, John Michael"]
[Black "Gade, Jens"]
[Result "1-0"]
[WhiteElo "1492"]
[BlackElo "1549"]
[PlyCount "79"]
[EventDate "2007.??.??"]

1. d4 d5 2. Nf3 Nf6 3. Nc3 e6 4. e3 c5 5. Be2 cxd4 6. exd4 a6 7. Bg5 Be7 8. O-O
O-O 9. Ne5 Nbd7 10. f4 Nxe5 11. fxe5 Nd7 12. Bxe7 Qxe7 13. Bd3 f5 14. Ne2 Rf7
15. Nf4 Nf8 16. Qh5 g5 17. Ne2 Bd7 18. a4 Rg7 19. Qf3 Ng6 20. c3 Rf8 21. Ng3 g4
22. Qe2 Qg5 23. Qf2 f4 24. Bxg6 Qxg6 25. b3 Rgf7 26. Nh1 Qg5 27. Qd2 Rg7 28.
Ra2 b5 29. Qd3 Be8 30. axb5 Bg6 31. Qd2 axb5 32. Nf2 g3 33. hxg3 Qxg3 34. Nh3
Rgf7 35. Rf3 Qg4 36. Nf2 Qf5 37. Nd3 Bh5 38. Rxf4 Qg5 39. Rxf7 Qxd2 40. Rxf8+
1-0

[Event "Amager Foraarsturnering 2007"]
[Site "Sundbyoster"]
[Date "2007.05.15"]
[Round "2"]
[White "Johansen, Erik Kai"]
[Black "Jorgensen, Niels Christian"]
[Result "1-0"]
[WhiteElo "1369"]
[BlackElo "1423"]
[PlyCount "91"]
[EventDate "2007.??.??"]

1. e4 e5 2. Nf3 Nc6 3. Bb5 a6 4. Ba4 Nf6 5. O-O b5 6. Bb3 Be7 7. Re1 d6 8. h3
O-O 9. c3 Bb7 10. d4 exd4 11. cxd4 Na5 12. Bc2 Nc4 13. b3 Nb6 14. Nbd2 Rc8 15.
Bb2 Ne8 16. Rc1 g6 17. Nf1 Ng7 18. Ne3 Bc6 19. Nh2 Bd7 20. f4 Bh4 21. Rf1 Re8
22. f5 Bg5 23. Nhg4 gxf5 24. Nxf5 Bxf5 25. exf5 Bxc1 26. Qxc1 f6 27. Qh6 Rf8
28. Bd1 Nd7 29. b4 Qe7 30. Bb3+ Kh8 31. Bc3 Rce8 32. Re1 Qd8 33. Be6 c6 34. Qf4
d5 35. Qd6 Nb8 36. Qf4 Nh5 37. Qf3 Qd6 38. Nh6 Ng3 39. Nf7+ Rxf7 40. Bxf7 Rxe1+
41. Bxe1 Ne4 42. Qg4 Ng5 43. Bg3 Qf8 44. Be6 Ne4 45. Bf4 a5 46. Bh6 1-0

[Event "Amager Foraarsturnering 2007"]
[Site "Sundbyoster"]
[Date "2007.05.22"]
[Round "3"]
[White "Larsen, Kim"]
[Black "Johansen, Erik Kai"]
[Result "1-0"]
[WhiteElo "1445"]
[BlackElo "1369"]
[PlyCount "114"]
[EventDate "2007.??.??"]

1. e4 e6 2. d4 d5 3. Nc3 Bb4 4. e5 c5 5. Be3 cxd4 6. Bxd4 Nc6 7. Bb5 Nge7 8. a3
Bxc3+ 9. Bxc3 O-O 10. Nf3 a6 11. Bd3 Ng6 12. g3 d4 13. Bxg6 fxg6 14. Nxd4 Ne7
15. Qe2 Nd5 16. Qd3 Bd7 17. Bd2 Qc7 18. f4 Rac8 19. Rc1 b5 20. Bb4 Nxb4 21.
axb4 Rcd8 22. Qe3 Bc8 23. O-O Qc4 24. c3 Bb7 25. h4 Qd5 26. Qf3 Qd7 27. Qe3 Bd5
28. Rcd1 Qb7 29. Rf2 Qb6 30. Nf5 Qc7 31. Nd6 Ba8 32. Qc5 Qd7 33. Rfd2 Bd5 34.
Rd4 Qe7 35. Ne4 Qf7 36. Nd6 Qe7 37. c4 bxc4 38. Nxc4 Qb7 39. Qb6 Qa8 40. Ne3
Rb8 41. Qc5 Rfc8 42. Qa5 Bb3 43. R1d2 h6 44. Nd1 Qa7 45. Kh2 Bxd1 46. Rxd1 Rc2+
47. R4d2 Rbc8 48. b5 Rxd2+ 49. Rxd2 Rc1 50. Rg2 Qe3 51. bxa6 Qa7 52. b4 Qd4 53.
a7 Qd1 54. a8=Q+ Kh7 55. Ra2 Qg1+ 56. Kh3 Qf1+ 57. Qg2 Qd3 1-0

[Event "Amager Foraarsturnering 2007"]
[Site "Sundbyoster"]
[Date "2007.05.22"]
[Round "3"]
[White "Henriksen, Carsten W"]
[Black "Svensson, John Michael"]
[Result "1-0"]
[WhiteElo "1875"]
[BlackElo "1492"]
[PlyCount "91"]
[EventDate "2007.??.??"]

1. e4 d6 2. Nf3 Nf6 3. Nc3 e5 4. Bc4 c6 5. O-O Bg4 6. h3 Bh5 7. Re1 Be7 8. Be2
Bxf3 9. Bxf3 O-O 10. d4 Nbd7 11. b3 exd4 12. Qxd4 Ne5 13. Be2 Qc7 14. Bb2 Rad8
15. Nd1 c5 16. Qe3 Nc6 17. c4 Rfe8 18. Rc1 Nd7 19. Qg3 Bf6 20. Nc3 Qb8 21. Ba1
Be5 22. f4 Bd4+ 23. Kh1 Nf6 24. Bd3 Nb4 25. Nd5 Bxa1 26. Rxa1 Nfxd5 27. exd5
Rxe1+ 28. Rxe1 Nxd3 29. Qxd3 Re8 30. Re4 Qd8 31. Kg1 Re7 32. Qe3 Kf8 33. Rxe7
Qxe7 34. Qxe7+ Kxe7 35. Kf2 f5 36. g4 Kf6 37. Kg3 g6 38. a3 a5 39. Kf3 g5 40.
Kg3 h6 41. h4 Kg6 42. fxg5 hxg5 43. gxf5+ Kxf5 44. h5 g4 45. h6 Kg6 46. Kxg4
1-0

[Event "Amager Foraarsturnering 2007"]
[Site "Sundbyoster"]
[Date "2007.05.22"]
[Round "3"]
[White "Gade, Jens"]
[Black "Larsen, Ulrik Jejlskov"]
[Result "1/2-1/2"]
[WhiteElo "1549"]
[BlackElo "1508"]
[PlyCount "108"]
[EventDate "2007.??.??"]

1. f4 d5 2. Nf3 Bg4 3. e3 Nc6 4. Be2 h5 5. O-O Qd6 6. Ng5 f6 7. Bxg4 hxg4 8.
Qxg4 fxg5 9. h3 Nf6 10. Qf5 Ne4 11. fxg5 Ne5 12. d4 Ng6 13. Nc3 Nxc3 14. bxc3
Nh4 15. Qf7+ Kd7 16. Bd2 g6 17. Rf6 Qg3 18. Qxd5+ Ke8 19. Rf2 e6 20. Qxe6+ Kd8
21. Qf6+ Kd7 22. Qxh8 Bd6 23. Qxa8 Qh2+ 24. Kf1 Qh1+ 25. Ke2 Qxa1 26. e4 Qxa2
27. e5 Qc4+ 28. Kd1 Be7 29. Qxb7 Nf5 30. Qxa7 Ng3 31. Qb7 Nf1 32. Qf3 Nxd2 33.
Rxd2 Qb5 34. Qd3 Qb1+ 35. Ke2 Qg1 36. Qf3 Qb1 37. Qd5+ Ke8 38. Qg8+ Kd7 39.
Qxg6 Qb5+ 40. Qd3 Qd5 41. Kf2 Kd8 42. Qf3 Qe6 43. h4 Ke8 44. Re2 c5 45. d5 Qb6
46. c4 Qb2 47. Qe4 Qc1 48. e6 Kf8 49. Qf5+ Ke8 50. Qe5 Bd8 51. d6 Be7 52. dxe7
Qd1 53. Qf6 Qxe2+ 54. Kg1 Qxg2+ 1/2-1/2

[Event "Amager Foraarsturnering 2007"]
[Site "Sundbyoster"]
[Date "2007.05.22"]
[Round "3"]
[White "Jacobsen, Mads Holger Bang"]
[Black "Nielsen, Bjorn"]
[Result "1-0"]
[WhiteElo "1250"]
[BlackElo "1135"]
[PlyCount "151"]
[EventDate "2007.??.??"]

1. c4 e6 2. g3 d5 3. cxd5 exd5 4. Bg2 Nf6 5. d4 Be7 6. Nc3 O-O 7. e3 Be6 8.
Nge2 c6 9. a3 Nbd7 10. b4 a6 11. Bb2 Nb6 12. Qc1 Nc4 13. h3 Bf5 14. g4 Be6 15.
f3 Nd7 16. e4 Bh4+ 17. Kf1 Nxb2 18. Qxb2 dxe4 19. Nxe4 Nf6 20. Nxf6+ Bxf6 21.
Rd1 Bd5 22. Qc2 b5 23. Rg1 Bc4 24. f4 Qd6 25. Qd2 Bh4 26. Bf3 Rfe8 27. Rg2 Re7
28. g5 f6 29. Rg4 fxg5 30. fxg5 Rae8 31. Rxh4 Qh2 32. Qc2 Bxe2+ 33. Bxe2 Qxe2+
34. Qxe2 Rxe2 35. Rc1 R8e6 36. Rf4 R2e3 37. Kf2 Re2+ 38. Kf1 Rh2 39. Kg1 Ree2
40. Rxc6 Rhg2+ 41. Kf1 h5 42. gxh6 gxh6 43. Rxa6 h5 44. d5 Ra2 45. Raf6 Kg7 46.
Rf7+ Kg6 47. R4f6+ Kg5 48. Rg7+ Kxf6 49. Rxg2 Ra1+ 50. Kf2 Rd1 51. Rg3 Rxd5 52.
Rc3 Ke5 53. Kg3 Kd4 54. Rc1 Ke3 55. Rc5 Ke4 56. Rxd5 Kxd5 57. Kf4 Kd4 58. Kg5
Kc3 59. Kxh5 Kb3 60. Kg4 Kxa3 61. h4 Kxb4 62. h5 Ka3 63. h6 b4 64. h7 b3 65.
h8=Q Ka2 66. Qa8+ Kb2 67. Kf3 Kb1 68. Ke2 b2 69. Qa3 Kc1 70. Qc3+ Kb1 71. Kd3
Ka2 72. Qc2 Ka1 73. Qa4+ Kb1 74. Qb3 Ka1 75. Kc2 b1=Q+ 76. Qxb1# 1-0

[Event "Amager Foraarsturnering 2007"]
[Site "Sundbyoster"]
[Date "2007.05.22"]
[Round "3"]
[White "Jorgensen, Niels Christian"]
[Black "Herup, Charni"]
[Result "1-0"]
[WhiteElo "1423"]
[BlackElo "1225"]
[PlyCount "83"]
[EventDate "2007.??.??"]

1. e4 d5 2. exd5 Qxd5 3. Nc3 Qa5 4. b4 Qxb4 5. Rb1 Qd6 6. Nf3 Nf6 7. Nb5 Qd8 8.
Bb2 a6 9. Nbd4 e6 10. Be2 Be7 11. O-O O-O 12. Re1 b5 13. c3 Bb7 14. Nb3 c5 15.
d4 c4 16. Nbd2 Re8 17. Qc2 Qc7 18. Ng5 h6 19. Nge4 Nbd7 20. Bf3 Rad8 21. Bc1
Nd5 22. Ng3 N7f6 23. Nde4 Nxe4 24. Nxe4 f5 25. Ng3 Bd6 26. Nf1 Rd7 27. Bh5 Ree7
28. Bf3 g5 29. h3 Qb8 30. Ne3 Nf4 31. Nxf5 exf5 32. Bxf4 Bxf4 33. Qxf5 Rh7 34.
Qg6+ Kf8 35. Qf6+ Kg8 36. Bh5 Rd8 37. Qg6+ Kh8 38. Re2 Qa8 39. Rbe1 Bc6 40.
Qf6+ Kg8 41. Re7 Rf8 42. Qg6+ 1-0

[Event "Amager Foraarsturnering 2007"]
[Site "Sundbyoster"]
[Date "2007.05.29"]
[Round "4"]
[White "Gade, Jens"]
[Black "Larsen, Kim"]
[Result "0-1"]
[WhiteElo "1549"]
[BlackElo "1445"]
[PlyCount "72"]
[EventDate "2007.??.??"]

1. d4 d5 2. c4 c6 3. Nc3 Nf6 4. e3 Nbd7 5. Nf3 Qc7 6. Bd3 e5 7. cxd5 Nxd5 8.
Nxd5 cxd5 9. dxe5 Nxe5 10. Nxe5 Qxe5 11. Bb5+ Kd8 12. O-O Bd6 13. f4 Qe6 14.
Qd4 f6 15. Bd2 Bd7 16. Bxd7 Kxd7 17. Qa4+ Ke7 18. Rae1 Qe4 19. Qb5 Rab8 20. Bc3
Qc4 21. Qxc4 dxc4 22. g4 b5 23. h4 Bc5 24. Kf2 Rhd8 25. Bd4 Bxd4 26. exd4+ Kf7
27. Rd1 Rd5 28. Rfe1 Rbd8 29. Re4 f5 30. gxf5 Rxf5 31. Rde1 Rfd5 32. Ke3 g6 33.
Rg1 h6 34. Re5 Rxd4 35. Rxb5 Rd3+ 36. Ke4 Kf6 0-1

[Event "Amager Foraarsturnering 2007"]
[Site "Sundbyoster"]
[Date "2007.05.29"]
[Round "4"]
[White "Herup, Charni"]
[Black "Johansen, Erik Kai"]
[Result "0-1"]
[WhiteElo "1225"]
[BlackElo "1369"]
[PlyCount "94"]
[EventDate "2007.??.??"]

1. d4 Nf6 2. Nc3 e6 3. e4 Bb4 4. Bd3 d6 5. e5 dxe5 6. dxe5 Nd5 7. Qg4 Nxc3 8.
Qxg7 Rf8 9. Bh6 Nd5+ 10. c3 Be7 11. Nf3 Nd7 12. Bxh7 c6 13. Ng5 Bxg5 14. Bxg5
Qc7 15. O-O Qxe5 16. Bh6 Qxg7 17. Bxg7 N5f6 18. Bxf8 Nxf8 19. Bc2 Bd7 20. f4
Nd5 21. Rf3 O-O-O 22. h4 f5 23. h5 Nf6 24. Rh3 N8h7 25. Rf1 Ng4 26. Rg3 Nhf6
27. Rh3 Rh8 28. Rd1 Rxh5 29. Rhd3 Rh7 30. Bb3 Ne4 31. Rf1 Kc7 32. Bc2 Rg7 33.
Rh3 Ngf6 34. Re1 c5 35. a4 c4 36. Rh6 Ng4 37. Rh5 Bc6 38. b4 Bd5 39. Rh3 Ngf2
40. Rhe3 Rh7 41. Bxe4 Nxe4 42. a5 Rg7 43. Ra1 Rg4 44. Rf1 a6 45. Kh2 Kc6 46.
Kh3 Nxc3 47. g3 Ne4 0-1

[Event "Amager Foraarsturnering 2007"]
[Site "Sundbyoster"]
[Date "2007.05.29"]
[Round "4"]
[White "Nielsen, Bjorn"]
[Black "Jorgensen, Niels Christian"]
[Result "0-1"]
[WhiteElo "1135"]
[BlackElo "1423"]
[PlyCount "74"]
[EventDate "2007.??.??"]

1. e4 e5 2. Nf3 Nc6 3. Be2 Nf6 4. Nc3 Bc5 5. O-O O-O 6. d3 d6 7. Bg5 h6 8. Bh4
Be6 9. Nd5 Bxd5 10. exd5 Nd4 11. Nxd4 Bxd4 12. c3 Bb6 13. Bf3 g5 14. Bg3 Rc8
15. h4 Nh7 16. hxg5 Nxg5 17. Be4 f5 18. Bf3 Qf6 19. Bh4 Nxf3+ 20. Qxf3 Qxh4 21.
Rfe1 Rce8 22. Kf1 e4 23. Qg3+ Qxg3 24. fxg3 e3 25. Re2 f4 26. gxf4 Rxf4+ 27.
Kg1 c5 28. dxc6 bxc6 29. d4 c5 30. d5 c4 31. b4 Bd8 32. Rd1 Bh4 33. Kh1 Bf2 34.
g3 Rg4 35. Rxf2 exf2 36. Kg2 Re1 37. Kxf2 Rxd1 0-1

[Event "Amager Foraarsturnering 2007"]
[Site "Sundbyoster"]
[Date "2007.05.29"]
[Round "4"]
[White "Jacobsen, Mads Holger Bang"]
[Black "Svensson, John Michael"]
[Result "1-0"]
[WhiteElo "1250"]
[BlackElo "1492"]
[PlyCount "169"]
[EventDate "2007.??.??"]

1. c4 Nf6 2. Nc3 b6 3. e3 Bb7 4. d4 e6 5. Nf3 Bb4 6. Bd2 O-O 7. a3 Be7 8. Be2
c5 9. Qc2 d5 10. cxd5 exd5 11. O-O-O Nbd7 12. Rdg1 Ne4 13. Be1 Bf6 14. Bd3 Qe7
15. g4 g6 16. h4 Bg7 17. Nd2 Nxc3 18. bxc3 cxd4 19. exd4 Qxa3+ 20. Kb1 Rac8 21.
Nf3 a6 22. h5 Rc6 23. hxg6 fxg6 24. Rxh7 Rxf3 25. Qe2 Rf8 26. Rgh1 Bxd4 27.
Rxd7 Bc8 28. Rdh7 Rc5 29. Bxa6 Ra5 30. Bc4 Qa1+ 31. Kc2 Qa4+ 32. Bb3 Qc6 33.
Kb2 Rxf2 34. Rh8+ Bxh8 35. Qxf2 Bxg4 36. Qh4 Bh5 37. Qd8+ Kf7 38. Qxh8 Qb5 39.
Qd4 Qe2+ 40. Qd2 Qf3 41. Qf2 Ke6 42. Qxf3 Bxf3 43. Rg1 Be4 44. c4 Ra8 45. cxd5+
Kd7 46. Bf2 b5 47. Ra1 Rxa1 48. Kxa1 g5 49. Bg3 Bxd5 50. Bxd5 b4 51. Kb2 Ke7
52. Be5 g4 53. Kb3 Kd7 54. Kxb4 Ke7 55. Kc4 g3 56. Bxg3 Kf6 57. Bf3 Kf5 58. Kd5
Kf6 59. Ke4 Kg5 60. Ke5 Kg6 61. Bf4 Kf7 62. Bg4 Kg6 63. Ke6 Kg7 64. Bh5 Kf8 65.
Be5 Kg8 66. Bg6 Kf8 67. Kd7 Kg8 68. Bf6 Kf8 69. Ke6 Kg8 70. Kf5 Kf8 71. Kg5 Kg8
72. Kh6 Kf8 73. Bh5 Kg8 74. Kg6 Kf8 75. Kf5 Kg8 76. Ke6 Kf8 77. Be5 Kg8 78. Bg6
Kf8 79. Kf6 Kg8 80. Kg5 Kf8 81. Bd6+ Kg7 82. Be7 Kg8 83. Kh6 Kh8 84. Bf5 Kg8
85. Be6+ 1-0

[Event "Amager Foraarsturnering 2007"]
[Site "Sundbyoster"]
[Date "2007.05.29"]
[Round "4"]
[White "Larsen, Ulrik Jejlskov"]
[Black "Henriksen, Carsten W"]
[Result "0-1"]
[WhiteElo "1508"]
[BlackElo "1875"]
[PlyCount "78"]
[EventDate "2007.??.??"]

1. d4 d5 2. e3 Bf5 3. Bd3 Bxd3 4. cxd3 c6 5. Qb3 Qc7 6. Nf3 Nf6 7. Nc3 e6 8.
Bd2 Nbd7 9. Rc1 Rb8 10. O-O Be7 11. Rfe1 O-O 12. e4 dxe4 13. dxe4 Qb6 14. Qc2
Rfe8 15. e5 Nd5 16. Nxd5 cxd5 17. Qc7 Qxc7 18. Rxc7 Nb6 19. b3 h6 20. Rec1 Ba3
21. R1c2 Nc8 22. Ne1 Ne7 23. Nf3 Nc6 24. b4 Bxb4 25. Bxb4 Nxb4 26. Rb2 Rec8 27.
Rxc8+ Rxc8 28. g3 Rc1+ 29. Kg2 a5 30. a3 Nd3 31. Rxb7 Rc3 32. Rb8+ Kh7 33. Rb7
Rxa3 34. Rxf7 Ra2 35. Ng1 Kg8 36. Re7 Rxf2+ 37. Kh3 a4 38. Rxe6 a3 39. Ra6 a2
0-1

[Event "Amager Foraarsturnering 2007"]
[Site "Sundbyoster"]
[Date "2007.06.12"]
[Round "5"]
[White "Herup, Charni"]
[Black "Nielsen, Bjorn"]
[Result "1-0"]
[WhiteElo "1225"]
[BlackElo "1135"]
[PlyCount "111"]
[EventDate "2007.??.??"]

1. d4 d5 2. e4 dxe4 3. Nc3 Nf6 4. f3 exf3 5. Nxf3 e6 6. Bg5 Be7 7. Bd3 O-O 8.
O-O c5 9. dxc5 Bxc5+ 10. Kh1 Be7 11. Ne5 Nbd7 12. Nxd7 Bxd7 13. Qf3 e5 14. h3
Bc6 15. Qf5 e4 16. Bc4 Kh8 17. Rf4 Bd7 18. Qe5 Be6 19. Bxe6 fxe6 20. Qxe6 Ng8
21. Bxe7 Qxe7 22. Qxe7 Nxe7 23. Rxe4 Nc6 24. Rd1 Rad8 25. Rxd8 Rxd8 26. a3 a6
27. Ne2 g5 28. Rc4 h6 29. Ng3 Kh7 30. Kg1 Kg6 31. Kf2 Rd6 32. Ne4 Rd7 33. g4
Nd8 34. Ke3 Ne6 35. Rc3 Nf4 36. Kf2 Nxh3+ 37. Rxh3 Rf7+ 38. Ke3 Rf4 39. Rg3 b5
40. b3 Rf8 41. c3 Re8 42. Rf3 Re6 43. Kd4 Rb6 44. Kc5 Rb8 45. Rf6+ Kg7 46. Rxa6
b4 47. cxb4 Rc8+ 48. Rc6 Re8 49. Kd5 Rf8 50. b5 Rf4 51. b6 Rxg4 52. Rc7+ Kg6
53. b7 h5 54. b8=Q h4 55. Rc6+ Kh5 56. Qh8# 1-0

[Event "Amager Foraarsturnering 2007"]
[Site "Sundbyoster"]
[Date "2007.06.12"]
[Round "5"]
[White "Jorgensen, Niels Christian"]
[Black "Larsen, Kim"]
[Result "0-1"]
[WhiteElo "1423"]
[BlackElo "1445"]
[PlyCount "166"]
[EventDate "2007.??.??"]

1. e4 c5 2. Nc3 Nc6 3. g3 g6 4. Bg2 Bg7 5. Nge2 d6 6. d3 e6 7. O-O Nge7 8. Kh1
a6 9. Be3 b5 10. a3 b4 11. axb4 cxb4 12. Na4 Rb8 13. c3 a5 14. d4 Ba6 15. Re1
O-O 16. Qc1 bxc3 17. bxc3 d5 18. Nc5 Bc4 19. Nf4 dxe4 20. Bxe4 g5 21. Nh5 h6
22. Nxg7 Kxg7 23. h4 f5 24. Bg2 Rh8 25. Kg1 Kg6 26. hxg5 h5 27. Bf4 Rb6 28.
Nxe6 Qd7 29. Nc5 Qd8 30. Qd2 Bd5 31. Qe3 Re8 32. Bxd5 Qxd5 33. Qe6+ Qxe6 34.
Rxe6+ Kf7 35. Rf6+ Kg7 36. Ne6+ Kg8 37. Rh6 Nd5 38. Bc7 Ra6 39. c4 Nc3 40. d5
Nb4 41. Rg6+ Kh7 42. Rxa5 Kxg6 43. Rxa6 Nxa6 44. Bf4 Ne2+ 45. Kg2 Nxf4+ 46.
gxf4 Kf7 47. Kg3 Nb4 48. Kh4 Kg6 49. Kg3 Rc8 50. d6 Rxc4 51. d7 Nc6 52. d8=Q
Nxd8 53. Nxd8 Rc3+ 54. f3 h4+ 55. Kxh4 Rxf3 56. Ne6 Kf7 57. Nd8+ Kg7 58. Ne6+
Kg6 59. Nf8+ Kf7 60. Nd7 Rxf4+ 61. Kh5 Rd4 62. Ne5+ Kg7 63. Nf3 Rd3 64. Nh4 Rd5
65. Nf3 Rd1 66. Kh4 Rh1+ 67. Kg3 Kg6 68. Kf4 Rf1 69. Kg3 Ra1 70. Kf4 Ra4+ 71.
Kg3 Re4 72. Kh3 Kh5 73. Kg3 f4+ 74. Kf2 Re3 75. Kg2 Kg4 76. Nh2+ Kxg5 77. Nf3+
Kf5 78. Kf2 Ra3 79. Nd4+ Ke4 80. Ne2 Ra2 81. Ke1 Ke3 82. Nc3 Ra1+ 83. Nd1+
Rxd1+ 0-1

[Event "Amager Foraarsturnering 2007"]
[Site "Sundbyoster"]
[Date "2007.06.12"]
[Round "5"]
[White "Svensson, John Michael"]
[Black "Larsen, Ulrik Jejlskov"]
[Result "0-1"]
[WhiteElo "1492"]
[BlackElo "1508"]
[PlyCount "72"]
[EventDate "2007.??.??"]

1. c4 Nf6 2. Nf3 g6 3. Nc3 Bg7 4. d4 d5 5. e3 O-O 6. cxd5 Nxd5 7. Bc4 e6 8. O-O
b6 9. e4 Nxc3 10. bxc3 c5 11. Bg5 Qc7 12. Rc1 Bb7 13. Re1 Nd7 14. d5 Ne5 15.
Bf4 exd5 16. exd5 Nxf3+ 17. Qxf3 Qd7 18. Bb3 b5 19. c4 b4 20. Qg3 Rfe8 21. Be5
Rxe5 22. Rxe5 Bxe5 23. Qxe5 Re8 24. Qb2 a5 25. Qc2 Qg4 26. f3 Qd4+ 27. Kf1 Bc8
28. Rd1 Qe5 29. Ba4 Bf5 30. Qf2 Rd8 31. h3 Qc3 32. Qe2 Kf8 33. d6 Be6 34. Kg1
Qxc4 35. Qe5 Qc3 36. Qh8+ Qxh8 0-1

[Event "Amager Foraarsturnering 2007"]
[Site "Sundbyoster"]
[Date "2007.06.12"]
[Round "5"]
[White "Henriksen, Carsten W"]
[Black "Jacobsen, Mads Holger Bang"]
[Result "1-0"]
[WhiteElo "1875"]
[BlackElo "1250"]
[PlyCount "43"]
[EventDate "2007.??.??"]

1. e4 c5 2. Nf3 e6 3. Nc3 Nc6 4. g3 a6 5. a4 Qc7 6. Bg2 Be7 7. d3 Nf6 8. O-O d6
9. Ne1 Bd7 10. Ne2 h5 11. c3 O-O-O 12. d4 cxd4 13. cxd4 Nh7 14. Be3 h4 15. d5
Ng5 16. dxc6 Bxc6 17. Rc1 d5 18. exd5 exd5 19. Nd4 h3 20. Bh1 Qd7 21. Nxc6 bxc6
22. Qd3 1-0

[Event "Amager Foraarsturnering 2007"]
[Site "Sundbyoster"]
[Date "2007.06.12"]
[Round "5"]
[White "Gade, Jens"]
[Black "Johansen, Erik Kai"]
[Result "1-0"]
[WhiteElo "1549"]
[BlackElo "1369"]
[PlyCount "53"]
[EventDate "2007.??.??"]

1. f4 Nf6 2. e3 g6 3. Nf3 Bg7 4. Be2 d5 5. Nc3 O-O 6. O-O c5 7. d4 cxd4 8. exd4
Nc6 9. a3 Bf5 10. Bd3 Ne4 11. Bxe4 dxe4 12. Ne5 h5 13. Nxc6 bxc6 14. Be3 Qb6
15. Rb1 Rad8 16. Ne2 c5 17. c3 Be6 18. dxc5 Qa6 19. Qc2 Bc4 20. Nd4 Bd3 21. Qf2
e6 22. Rfd1 Bxb1 23. Rxb1 Qd3 24. Rf1 Rb8 25. Nc6 Rb7 26. Nb4 a5 27. Nxd3 1-0